LEADER 01149nam a2200277 i 4500 001 000000160239 003 CaOOAMICUS 005 20181122111703.0 008 070315s1980 it u000 u ita u 013 $a137602 040 $aSeMil$bita 100 1 $aLami, Lucio.$0(OLS)http://semarc/name/42172 245 13$aIl grido delle formiche :$ble incognite dell'URSS. Incontri con 22 protagonisti del dissenso sovietico /$cLucio Lami. 260 $aMilano :$bRusconi,$c1980. 300 $a294 p. ;$c21 cm. 490 0 $aPamphlet [Rusconi] 500 $aFondo Card. Giovanni Colombo. 650 4$aDissenso politico - Unione Sovietica.$0(OLS)http://semarc/subject/17344 830 0$aPamphlet.$0(OLS)http://semarc/title/420054 850 $aSeMil 852 $aSeMil$W1$xVenegono$y1$m1E II 53$j111715$B111715$CSeMilBibl$Z2$F121672 $81 941 1 $a3 961 $aLascito: Colombo Card. Giovanni 996 $6245$aIl grido delle formiche :$ble incognite dell'URSS. Incontri con 22 protagonisti del dissenso sovietico$9(OLS)http://semarc/title/142736 996 $6260$aMilano :$bRusconi$9(OLS)http://semarc/publisher/30258 LEADER 00744nam a2200193 i 4500 001 000000237449 003 CaOOAMICUS 005 20141224000000.0 008 141224s1840 it u000 u fre u 013 $a216354 040 $aSeMil$bita 245 10$aTome 5. 300 $a656 p. 773 0 $aGaume, Joseph <1802-1879>$tCatéchisme de perséverance, ou Exposé historique, dogmatique, morale et liturgique de la religion depuis l'origine du monde jusqu'à nos jours.$b2. éd. revue.$dParis : Gaume frères, 1840.$g5$w()31194 850 $aSeMil 852 $aSeMil$W1$xVenegono$y1$m3C IV 170 FA$j187795$B187795$CSeMilBibl$Z2$F198702 $8I 941 1 $a10 961 $aRecupero: Mantegazza 996 $6245$aTome 5$9(OLS)http://semarc/title/1596